Contribución al conocimiento geológico de la Republica Argentina. (Record no. 26257)

MARC details
000 -LEADER
fixed length control field 01116cam a22002411 4500
001 - CONTROL NUMBER
control field gs 23000217
003 - CONTROL NUMBER IDENTIFIER
control field DLC
005 - DATE AND TIME OF LATEST TRANSACTION
control field 20260227111327.0
008 - FIXED-LENGTH DATA ELEMENTS--GENERAL INFORMATION
fixed length control field 920618s1922 ag bf 000 0 spa c
010 ## - LIBRARY OF CONGRESS CONTROL NUMBER
LC control number gs 23000217
035 ## - SYSTEM CONTROL NUMBER
System control number (OCoLC)26041636
040 ## - CATALOGING SOURCE
Original cataloging agency Library, U.S. Geological Survey
Transcribing agency CSt
Modifying agency DLC
042 ## - AUTHENTICATION CODE
Authentication code premarc
050 00 - LIBRARY OF CONGRESS CALL NUMBER
Classification number QE231
Item number .B68
100 1# - MAIN ENTRY--PERSONAL NAME
Personal name Bodenbender, Guillermo,
Dates associated with a name 1857-1941.
245 10 - TITLE STATEMENT
Title Contribución al conocimiento geológico de la Republica Argentina.
Remainder of title I. Descriptiones generales. El Nevado de Famatina (Provincia de la Rioja)
Statement of responsibility, etc. por el Dr. Guillermo Bodenbender ...
260 ## - PUBLICATION, DISTRIBUTION, ETC.
Place of publication, distribution, etc. Buenos Aires,
Name of publisher, distributor, etc. Talleres gráficos del Ministerio de agricultura de la nación,
Date of publication, distribution, etc. 1922.
300 ## - PHYSICAL DESCRIPTION
Extent 68, [1] p.
Other physical details XVIII pl., fold. col. map, fold. profile.
Dimensions 27 cm.
490 0# - SERIES STATEMENT
Series statement [Argentine Republic] Ministerio de agricultura de la nación. Sección geológico mineralogía y minería. Anales.
Volume/sequential designation t. XVI, no. 1
500 ## - GENERAL NOTE
General note At head of title: Republica Argentina. Dirección general de minas, geogolgía e hidrología.
650 #0 - SUBJECT ADDED ENTRY--TOPICAL TERM
Topical term or geographic name entry element Geology
Geographic subdivision Argentina
-- La Rioja.
740 0# - ADDED ENTRY--UNCONTROLLED RELATED/ANALYTICAL TITLE
Uncontrolled related/analytical title Nevado de Famatina.

No items available.

Powered by Koha